| 000 | 00529cab a22001815a 4500 | ||
|---|---|---|---|
| 001 | L158788 | ||
| 008 | 150723e2015 xxk 000 0 eng d | ||
| 035 | _a(Sirsi) u158788 | ||
| 041 | 0 | _aeng | |
| 100 | 1 | _aCapelhorn, Peter | |
| 245 | 0 | 4 | _aThe digital takeover |
| 490 |
_aRICS Building Control _vApril 2015- May 2015, 6-7(2) |
||
| 520 | _aPeter Capelhorn traces the technological progression to building information modelling | ||
| 650 | 2 | 4 |
_aBIM _96219 |
| 651 | 4 |
_aUnited Kingdom _y |
|
| 690 |
_aBuilding _91694 |
||
| 942 | _n0 | ||
| 999 |
_c84695 _d84695 |
||